书目信息 |
| 题名: |
电影歌曲选
|
|
| 作者: | ;上海文艺出版社 编 | |
| 分册: | 14 | |
| 出版信息: | 上海 上海文艺出版社 1982 |
|
| 页数: | 56页 | |
| 开本: | 13cm | |
| 丛书名: | ||
| 单 册: | ||
| 中图分类: | J642.43 | |
| 科图分类: | ||
| 主题词: | 电影歌曲--中国--现代--选集 | |
| 电子资源: | ||
| ISBN: | ||
| 000 | 00607nam0 2200217 45 | |
| 001 | 0186012482 | |
| 005 | 20060629100548.85 | |
| 010 | @dCNY0.10 | |
| 100 | @a19900813d1982 em y0chiy0121 ea | |
| 101 | 0 | @achi |
| 102 | @aCN@b310000 | |
| 105 | @ag z 000yy | |
| 200 | 10 | @a电影歌曲选@Adian ying ge qu xuan@h14@f上海文艺出版社编 |
| 210 | @a上海@c上海文艺出版社@d1982 | |
| 215 | @a56页@d13cm | |
| 606 | @a电影歌曲@y中国@z现代@x选集 | |
| 690 | @aJ642.43@v3 | |
| 711 | 02 | @a上海文艺出版社@Ashang hai wen yi chu ban she@4编 |
| 801 | 2 | @aCN@bNLC@c20060629 |
| 801 | 0 | @aCN@bTSSF |
| 905 | @a10447@dJ642.43@e168:14 | |
| 电影歌曲选.14/上海文艺出版社编.-上海:上海文艺出版社,1982 |
| 56页;13cm |
| ISBN :CNY0.10 |
| ● |
| 相关链接 |
|
|
|
|
正题名:电影歌曲选
索取号:J642.43/168:14
 
预约/预借
| 序号 | 登录号 | 条形码 | 馆藏地/架位号 | 状态 | 备注 |
| 1 | 0421342 | 204213421 | 密集书库/ [索取号:J642.43/168:14] | 在馆 |